Old Currencys Of Eurozone Countries - Statistics

General Stats
  • This quiz has been taken 151 times
  • The average score is 14 of 24
Answer Stats
Hint Answer % Correct
Belgium Belgian Franc
98%
France French Franc
98%
Monaco French Franc
98%
Luxembourg Luxembourg Frang
98%
Andorra Spanish Peseta/French Franc
98%
Italy Italian Lira
83%
San Marino Italian Lira
83%
Vatican City Vatican Lira
83%
Ireland Irish Punt
77%
Cyprus Cypriot Pound
73%
Spain Spanish Peseta
64%
Greece Greek Drachma
58%
Austria Austria Schilling
56%
Portugal Portuguese Escudo
45%
Kosovo Serbian Dinar
45%
Netherlands Dutch Guilder
40%
Slovakia Slovak Koruna
40%
Finland Finnish Markka
36%
Germany German Deutschmark
30%
Latvia Latvian Lats
23%
Lithuania Lithuanian Litas
23%
Slovenia Slovenian Tolar
22%
Estonia Estonian Kroon
20%
Montenegro Montenegrin Perper
5%
No matching quizzes found
Score Distribution
Percent of People with Each Score
Percentile by Number Answered
Your Score History
You have not taken this quiz